[Event "4NCL Div 1 2018-19"]
[Site "Telford"]
[Date "2019.02.09"]
[Round "5.1"]
[White "Sadler, Matthew D"]
[Black "Rees, Ioan"]
[Result "1/2-1/2"]
[WhiteElo "2691"]
[BlackElo "2292"]
[Annotator "TA"]
[PlyCount "97"]
[EventDate "2018.11.10"]
[EventType "team-tourn"]
[EventCountry "GBR"]
[SourceTitle "playchess.com"]
[Source "ChessBase"]
[SourceQuality "1"]

{[%evp 23,97,33,33,42,101,38,62,60,52,51,121,100,127,85,89,80,89,87,93,83,70,76,74,15,68,-11,-3,-31,35,0,0,0,0,0,0,0,0,0,0,0,0,0,10,16,15,17,14,17,7,0,0,0,16,0,0,0,58,58,58,66,58,70,233,169,232,20,22,21,26,0,0,-35,-35,-35,-35,-35]} 1. c4 Nf6 2. Nc3 c5 3. Nf3 b6 4. d4 cxd4 5. Nxd4 Bb7 6. f3 e6 7. e4 d6 8. Be2 Be7 9. O-O O-O 10. Be3 a6 11. a4 Qc7 12. Qd2 Nbd7 13. Rfc1 {A31: Symmetrical English: 2 Nf3 Nf6 3 d4} Rfd8 {[#]} (13... Rfb8 $14) (13... Rfe8 14. a5 bxa5 15. Nb3 Rab8 16. Nxa5 Ba8 17. b4 d5 18. c5 dxe4 19. fxe4 Nxe4 20. Nxe4 Bxe4 21. Bxa6 {1-0 (30) Ragger,M (2687)-Geller,J (2518) St Petersburg 2018}) 14. Qe1 (14. a5 $1 $16) 14... Rac8 15. a5 {White is slightly better.} bxa5 16. Nb3 $1 Rb8 $146 (16... Qb8 $14) ({Predecessor:} 16... a4 17. Nxa4 Qb8 18. Na5 Bc6 19. b4 Re8 20. b5 axb5 21. cxb5 Bb7 22. Nc6 Bxc6 23. bxc6 {½-½ (42) Horvath,T (2339)-Szajbely,Z (2292) Hungary 2018}) 17. Nxa5 $16 Ba8 18. Na4 Nc5 19. b4 Nxa4 20. Rxa4 Nd7 21. Qc3 Bf6 22. Qd2 Ne5 23. Qa2 (23. b5 $16) 23... h6 (23... Qe7 $11) 24. Rc2 (24. b5 $14) 24... Qd7 25. Rd2 Qe8 (25... d5 $1 $15) 26. Ba7 (26. b5 $5) 26... Rbc8 $1 27. Bb6 Rd7 28. Bf2 d5 29. exd5 exd5 30. c5 d4 31. Bxa6 Rb8 32. Bf1 Bxf3 33. b5 ({Reject} 33. Bxd4 Rbd8 $17) (33. Rxd4 $2 Rxd4 34. Bxd4 Ng4 $19) 33... Bd5 34. Qa3 $36 {[%mdl 2048] White fights for an advantage.} Ng4 35. c6 ({Don't play} 35. Bxd4 Re7 $16) 35... Re7 $1 ({Wrong is} 35... Qe5 $2 36. Qg3 $18) 36. Raxd4 (36. Nc4 {seems wilder.} Bxc4 37. Rxc4 Be5 38. Rcxd4 Nxf2 39. Rd7) 36... Bxd4 37. Bxd4 {[#] And now Qg3 would win.} Re1 {White must now prevent ...Rxb5.} 38. Qg3 Rxb5 $1 {( -> ...Rxf1+!)} 39. Qxg4 {[%csl Gd4][%cal Rg4g7]} Rxf1+ (39... f6 $1 $11) 40. Kxf1 $14 {[%csl Gd4][%cal Rg4g7]} Rb1+ 41. Rd1 Rxd1+ 42. Qxd1 Bxc6 $2 (42... Qe4 $14) 43. Qg4 {[%csl Gd4][%cal Rg4g7]} f6 (43... Bb5+ {is a better defense.} 44. Kf2 f6) 44. Nb3 $2 ({White must play} 44. Nxc6 $18 Qxc6 45. Be3) 44... h5 $1 $11 {[%cal Rh5g4]} 45. Qg3 Qe4 46. h4 {Strongly threatening Kg1.} Bd5 47. Kg1 {aiming for Kh2.} Qb1+ 48. Kh2 {Threatens to win with Bxf6.} Qxb3 49. Qxb3 {Accuracy: White = 42%, Black = 44%.} 1/2-1/2

[Event "4NCL Div 1 2018-19"]
[Site "Telford"]
[Date "2019.02.09"]
[Round "5.1"]
[White "Erdos, Viktor"]
[Black "Grandelius, Nils"]
[Result "1/2-1/2"]
[WhiteElo "2604"]
[BlackElo "2679"]
[Annotator "TA"]
[PlyCount "37"]
[EventDate "2018.11.10"]
[EventType "team-tourn"]
[EventCountry "GBR"]
[SourceTitle "playchess.com"]
[Source "ChessBase"]
[SourceQuality "1"]

{[%evp 9,37,29,25,30,35,35,34,38,21,8,37,26,26,21,45,57,51,40,47,38,73,70,61,61,61,8,33,31,40,31]} 1. d4 d5 2. Nf3 e6 3. c4 a6 4. Bg5 (4. e3 Nf6 5. Nc3 dxc4 6. Bxc4 b5 7. Be2 Bb7 8. O-O Nbd7 9. b3 c5 10. Bb2 Be7 11. Rc1 O-O 12. Qc2 Rc8 13. Qb1 Qb6 14. Rfd1 Rfd8 15. h3 h6 16. dxc5 Nxc5 17. Rxd8+ Rxd8 {0-1 (59) Mamedyarov,S (2817)-Carlsen,M (2835) St Petersburg 2018}) 4... Be7 5. Bxe7 Nxe7 6. e3 {D30: Queen's Gambit Declined: Systems without Nc3} O-O 7. Nbd2 Nd7 $146 ({Predecessor:} 7... Nbc6 8. Rc1 Ng6 9. a3 Re8 10. Qb3 Nh4 11. Nxh4 Qxh4 {½-½ (47) Malakhatko,V (2596)-Nikolaidis,I (2525) Athens 2007}) 8. Rc1 b6 9. Be2 Bb7 10. O-O a5 11. cxd5 Bxd5 12. Qa4 c5 13. Bb5 Ra7 14. Bxd7 Rxd7 15. dxc5 Bc6 16. Qh4 bxc5 17. Ne4 (17. Rxc5 $14 Qb6 18. Rc2) 17... Bxe4 18. Qxe4 Rd5 19. Rc3 {Accuracy: White = 47%, Black = 52%.} 1/2-1/2

[Event "4NCL Div 1 2018-19"]
[Site "Telford"]
[Date "2019.02.09"]
[Round "5.2"]
[White "Howell, David W L"]
[Black "Tari, Aryan"]
[Result "1/2-1/2"]
[WhiteElo "2697"]
[BlackElo "2620"]
[Annotator "TA"]
[PlyCount "137"]
[EventDate "2018.11.10"]
[EventType "team-tourn"]
[EventCountry "GBR"]
[SourceTitle "playchess.com"]
[Source "ChessBase"]
[SourceQuality "1"]

{[%evp 14,137,28,18,22,18,20,15,16,13,20,21,20,20,19,16,16,26,20,28,20,0,13,19,10,18,23,13,22,17,8,0,0,0,6,0,27,11,36,29,29,35,35,6,18,24,20,22,48,49,86,95,101,95,87,74,79,87,95,78,87,4,4,6,14,5,43,37,41,38,32,41,46,52,64,16,25,18,18,0,0,0,0,0,-2,-8,-8,-1,-1,-8,-8,-8,-8,-8,-8,-8,-8,-8,-8,-8,0,0,0,0,0,0,0,0,0,0,0,0,0,0,0,0,0,0,0,0,0,0,0,0,0,0]} 1. Nf3 Nf6 2. g3 g6 3. c4 c6 4. b3 Bg7 5. Bb2 d5 6. Bg2 O-O 7. O-O a5 8. d3 Re8 {A11: English Opening: 1...c6} (8... a4 9. Nbd2 Na6 10. Qc1 Bg4 11. Bc3 Nc7 12. h3 Bxf3 13. Nxf3 Ne6 14. b4 d4 15. Bd2 Nd7 16. Rb1 Qc7 {1-0 (42) Banusz,T (2612)-Indjic,A (2599) Valjevo 2018}) 9. Nbd2 Bg4 10. Rc1 Nbd7 11. Qc2 e5 12. cxd5 $146 ({Predecessor:} 12. h3 Bxf3 13. Nxf3 d4 14. Rce1 Nc5 15. e4 h5 16. Bc1 Nfd7 17. Bd2 {1-0 (47) Drazic,S (2433)-Bellia,F (2396) Split 2014}) 12... cxd5 13. h3 Bxf3 14. Nxf3 Bf8 15. Qc7 a4 16. Qxd8 Raxd8 17. Rc7 axb3 18. axb3 Rb8 19. Ra1 Bd6 20. Rcc1 Ra8 21. Kf1 Kf8 22. Ke1 Ke7 23. Kd1 Reb8 24. Nd2 {[%cal Bf3d2,Bd2f1,Bf1e3][%mdl 32]} b5 25. Nf1 Nb6 26. Rxa8 Rxa8 27. Rc6 Nfd7 28. Ne3 Ra2 29. Kc1 d4 30. Nf1 Bb4 31. Kb1 $36 {[%mdl 2048] White fights for an advantage.} Ra7 32. f4 f6 33. fxe5 fxe5 34. e3 dxe3 35. Nxe3 Bd6 36. d4 {Threatens to win with dxe5.} Rc7 {[#]} 37. d5 (37. dxe5 $1 $16 Rxc6 38. Bxc6 Bxe5 39. Bxe5 (39. Bxb5 Bxg3 40. Kc2 Nc5 $14) 39... Nxe5 40. Bxb5) 37... Rxc6 $11 38. dxc6 Nf6 39. g4 Bc5 40. g5 Nh5 41. Ng4 Nf4 42. Bf1 Bd4 43. Ba3+ ({Don't play} 43. Bxb5 Bxb2 44. Kxb2 Nxh3 $17) 43... Ke6 44. Nf6 Nbd5 45. h4 {Nxd5 is the strong threat.} Bb6 {The position is equal.} 46. Nxd5 Kxd5 47. Bxb5 {[%mdl 4096] Endgame KBB-KBN} Ng2 48. Bc1 Nxh4 49. Be3 Bc7 ({Don't blunder} 49... Bxe3 $2 50. c7 $18) 50. Bc4+ Kxc6 51. Bg8 Nf5 52. Bc1 Ne7 53. Bf7 e4 54. Kc2 Bb6 55. Kc3 Nf5 56. Bg8 e3 {[#] aiming for ...e2.} 57. Kd3 h6 58. gxh6 Nxh6 59. Be6 Nf5 60. Bxf5 gxf5 61. Bxe3 Bxe3 62. Kxe3 {KP-KP} Kb5 63. Kf4 Kb4 64. Kg5 f4 65. Kg4 f3 66. Kh3 Kc3 {( -> ...Kd2)} 67. Kg3 Kxb3 68. Kf2 Ka2 69. Kxf3 {Accuracy: White = 69%, Black = 74%.} 1/2-1/2

[Event "4NCL Div 1 2018-19"]
[Site "Telford"]
[Date "2019.02.09"]
[Round "5.2"]
[White "Cooper, John G"]
[Black "Jones, Gawain C B"]
[Result "0-1"]
[WhiteElo "2290"]
[BlackElo "2683"]
[Annotator "TA"]
[PlyCount "82"]
[EventDate "2018.11.10"]
[EventType "team-tourn"]
[EventCountry "GBR"]
[SourceTitle "playchess.com"]
[Source "ChessBase"]
[SourceQuality "1"]

{[%evp 18,82,20,16,36,0,0,-8,-34,-46,-45,-41,-27,-26,-26,-15,-14,-79,-86,-102,-95,-101,-101,-80,-92,-202,-89,-76,-76,-71,-38,-216,-216,-220,-222,-232,-203,-212,-189,-192,-185,-193,-199,-268,-181,-180,-187,-174,-172,-280,-267,-460,-364,-338,-193,-260,-248,-355,-343,-303,-191,-29968,-29972,-29967,-29962,-5210,-4879]} 1. c4 g6 2. d4 Nf6 3. Nf3 Bg7 4. g3 O-O 5. Bg2 d6 6. Nc3 c5 7. d5 e6 8. O-O exd5 9. cxd5 Re8 10. Bf4 Bf5 {A62: Modern Benoni: Fianchetto Variation without early ...Nbd7} 11. Qc1 (11. Bg5 h6 12. Bxf6 Bxf6 13. Nd2 Bc8 14. Nc4 Bxc3 15. bxc3 b5 16. Nd2 Nd7 17. Re1 a5 18. Qc2 {½-½ (29) Tomashevsky,E (2702)-Svidler,P (2763) Palma de Mallorca 2017}) 11... Ne4 12. Nd2 $146 ({Predecessor:} 12. Nh4 Nxc3 13. bxc3 Be4 14. Qd2 Bxg2 15. Nxg2 Nd7 16. Bxd6 Nf6 17. Bf4 Nxd5 18. Rfc1 Nxc3 19. Rxc3 Qxd2 20. Bxd2 Rxe2 {0-1 (20) Serarols Mabras,B (2235)-Swayams,M (2432) Caleta 2018}) 12... Nxc3 {The position is equal.} 13. bxc3 Rxe2 14. Nc4 Bd3 15. Nxd6 g5 16. Nxb7 Qb6 17. Bxg5 ({Much worse is} 17. Qd1 c4 $17) (17. Bf3 $1 $11 gxf4 18. Qd1 fxg3 19. Bxe2) 17... Qxb7 $17 18. Re1 Nd7 19. d6 Be4 20. Rxe2 Bxg2 21. Bh6 {[#]} (21. Rb1 $17 Qc6 22. Bf4) 21... Bh3 {[#]} (21... Ne5 $1 $19 {[%cal Re5f3] is more deadly.} 22. Qf4 (22. Bxg7 $2 Nf3+ 23. Kxg2 Ng5+ 24. Re4 Qxe4+ 25. Kg1 Nh3+ 26. Kf1 Re8 $19) 22... Bh3) 22. f3 $1 {[%mdl 512]} Qxf3 $40 {[%mdl 128] [#] Black has strong attack.} 23. Qg5 $1 {[%csl Gh6][%cal Rg5g7][%mdl 512]} Qxc3 24. Qxg7+ $2 ({White must play} 24. Rae1 $1 $15 Qd4+ 25. Kh1) 24... Qxg7 $19 25. Bxg7 Kxg7 26. g4 Rg8 ({Stronger than} 26... Bxg4 27. Rg2 $11) 27. Kf2 {With the idea Kg3.} Bxg4 28. Rg1 Kf8 29. Re4 Be6 30. Rxg8+ Kxg8 31. Ra4 Kg7 32. Rxa7 Kf6 33. Ke3 (33. a4 $142) 33... Ke5 34. Ra6 $2 (34. a4 {keeps fighting.}) 34... Nf6 35. a4 Ne8 (35... c4 $142 36. a5 c3) 36. a5 (36. d7 $142 Bxd7 37. a5) 36... Nxd6 37. Ra8 (37. Kd2 {was necessary.}) 37... Bd5 38. Ra7 c4 39. a6 $2 (39. Re7+ $19 Be6 40. Rc7) 39... Nf5+ 40. Kd2 Kd6 41. Kc3 Ne7 {Accuracy: White = 32%, Black = 69%.} 0-1

[Event "4NCL Div 1 2018-19"]
[Site "Telford"]
[Date "2019.02.09"]
[Round "5.3"]
[White "McShane, Luke J"]
[Black "Toczek, Grzegorz"]
[Result "1-0"]
[WhiteElo "2663"]
[BlackElo "2243"]
[Annotator "TA"]
[PlyCount "137"]
[EventDate "2018.11.10"]
[EventType "team-tourn"]
[EventCountry "GBR"]
[SourceTitle "playchess.com"]
[Source "ChessBase"]
[SourceQuality "1"]

{[%evp 19,137,21,25,5,29,33,22,31,37,30,35,0,70,60,62,48,70,70,90,90,90,90,90,90,90,90,90,90,90,90,90,90,90,90,97,97,90,90,90,90,118,118,118,118,118,118,118,118,118,0,118,118,118,104,118,118,118,118,118,118,118,118,118,113,118,96,113,113,113,0,111,96,116,96,113,96,109,96,102,96,103,97,97,95,93,85,85,85,95,92,111,111,113,113,106,97,97,97,97,97,98,80,179,179,385,405,6120,5629,2612,2477,1369,1381,1303,1240,29984,29973,29979,29980,29985,29986]} 1. e4 c5 2. Nf3 d6 3. d4 cxd4 4. Nxd4 Nf6 5. Nc3 Nc6 6. Bg5 Bd7 7. Qd2 Rc8 8. O-O-O Nxd4 9. Qxd4 Qa5 10. Bxf6 gxf6 11. f4 {B61: Sicilian: Richter-Rauzer: 6...Bd7 7 Qd2} (11. Kb1 {looks sharper.} Qc5 12. Qd2 Bg7 13. Nd5 Ba4 14. Bd3) 11... Bg7 (11... Qc5 {is more complex.} 12. Qd3 Bg7 13. Qg3 Kf8 14. f5 Bc6) 12. Kb1 Qc5 13. f5 {The position is equal.} Bh6 14. Qxc5 Rxc5 15. Nd5 {[#]} Rc8 $146 (15... Bg7 $11) ({Predecessor:} 15... Rg8 16. g3 Bg7 17. b4 Rc8 18. Nf4 Bh6 {1-0 (44) Smeets,J (2669)-Bauer,C (2612) Sestao 2010}) 16. Be2 Bc6 17. Rhf1 (17. Rd4 {is interesting.} Bg5 18. Bh5 Rg8 19. g3 Kf8 20. Rf1) 17... Rg8 18. g3 Bxd5 19. exd5 Be3 20. Rd3 Bb6 21. Rf4 Kf8 22. c3 Rc7 23. Kc2 Bg1 24. Rh4 Kg7 25. Rf3 Rgc8 26. Rff4 Be3 27. Re4 Bg1 28. Bd3 Rb8 29. Rhg4+ Kh8 30. Re1 Bf2 31. Re2 Bg1 32. a4 a6 33. Re1 Bf2 34. Re2 Bg1 $1 35. Rg2 Ba7 36. Kd2 Rg8 37. Re4 Kg7 38. Rge2 Re8 39. Rg4+ Kf8 40. Rh4 Kg7 41. Bc4 Rb8 42. Ba2 Rbc8 43. Rg4+ Kf8 44. Rh4 Kg7 45. Kd3 Bg1 46. Bb3 Rb8 47. Kd2 Rbc8 48. Ke1 Rb8 49. Ree4 Rbc8 50. Ke2 Rb8 51. Kf3 Rg8 52. Re2 Ba7 53. Re1 Rb8 54. Rhe4 Kf8 55. Kg4 b5 56. a5 b4 57. c4 Kg7 58. Kh5 h6 59. R1e2 Bg1 60. h4 Rbb7 (60... Rbc8 $16 61. Rxe7 Bd4) 61. Ba4 $18 {Strongly threatening Rg4+.} b3 $2 (61... Rb8 {might work better.} 62. b3 (62. Rxe7 Rxe7 63. Rxe7 b3 $16) 62... Rh8 63. Rxe7 Rxe7 64. Rxe7 Bf2) 62. Rg4+ Kf8 (62... Kh8 $142 63. Kxh6 e5 64. fxe6 fxe6 65. dxe6 Rh7+ 66. Kg6 Rbg7+ 67. Kf5 Rh5+ 68. Kf4 Re7 69. Bxb3 Rxa5) 63. Kxh6 {[#] White wants to mate with Kh7.} e5 64. Kh7 {Intending Rg8+ and mate.} Ke7 65. Rg8 {[%csl Ga4][%cal Rg8e8]} Rd7 66. Bxd7 Rxd7 67. Rb8 {White mates.} Rc7 68. Re4 Bd4 69. Rg4 {Accuracy: White = 67%, Black = 40%.} 1-0

[Event "4NCL Div 1 2018-19"]
[Site "Telford"]
[Date "2019.02.09"]
[Round "5.3"]
[White "Lupulescu, Constantin"]
[Black "Fodor, Tamas Jr."]
[Result "1/2-1/2"]
[WhiteElo "2601"]
[BlackElo "2520"]
[Annotator "ChessBase"]
[PlyCount "138"]
[EventDate "2018.11.10"]
[EventType "team-tourn"]
[EventCountry "GBR"]
[SourceTitle "playchess.com"]
[Source "ChessBase"]
[SourceQuality "1"]
[TimeControl "40/6000+30:3000+30"]

1. d4 {[%emt 0:00:00]} Nf6 {[%emt 0:00:00]} 2. c4 {[%emt 0:00:00]} e6 {[%emt 0:00:00]} 3. Nf3 {[%emt 0:00:16]} Bb4+ {[%emt 0:00:00]} 4. Bd2 {[%emt 0:00:06]} Qe7 {[%emt 0:00:21]} 5. g3 {[%emt 0:00:45]} Bxd2+ {[%emt 0:00:33]} 6. Qxd2 {[%emt 0:00:46]} Nc6 {[%emt 0:00:07]} 7. b3 {[%emt 0:00:59]} d5 {[%emt 0:00:13]} 8. Bg2 {[%emt 0:00:54]} O-O {[%emt 0:00:09]} 9. O-O {[%emt 0:00:48]} dxc4 {[%emt 0:00:08]} 10. bxc4 {[%emt 0:00:05]} e5 {[%emt 0:00:07]} 11. d5 {[%emt 0:00:30]} Nb8 {[%emt 0:00:08]} 12. Qe3 {[%emt 0:01:07]} Re8 {[%emt 0:03:09]} 13. Qa3 {[%emt 0:11:56]} Bg4 {[%emt 0:07:56]} 14. Qxe7 {[%emt 0:11:16]} Rxe7 {[%emt 0:00:36]} 15. Nc3 {[%emt 0:00:03]} Bxf3 {[%emt 0:01:47]} 16. Bxf3 {[%emt 0:00:15]} Na6 {[%emt 0:01:15]} 17. Rfd1 {[%emt 0:18:44]} Nc5 {[%emt 0:13:38]} 18. d6 {[%emt 0:01:27]} cxd6 {[%emt 0:00:19]} 19. Rxd6 {[%emt 0:00:10]} Rd7 {[%emt 0:01:33]} 20. Rxd7 {[%emt 0:04:47]} Nfxd7 {[%emt 0:00:26]} 21. Rb1 {[%emt 0:01:38]} Rb8 {[%emt 0:03:10]} 22. Bd5 {[%emt 0:05:09]} Kf8 {[%emt 0:04:01]} 23. f4 {[%emt 0:01:30]} Ke7 {[%emt 0:03:01]} 24. Kf2 {[%emt 0:02:04]} exf4 {[%emt 0:07:31]} 25. gxf4 {[%emt 0:00:12]} f5 {[%emt 0:00:24]} 26. Nb5 {[%emt 0:11:49]} Nf6 {[%emt 0:05:53]} 27. Bf3 {[%emt 0:06:39]} Nfe4+ {[%emt 0:10:44]} 28. Ke3 {[%emt 0:03:40]} Nd6 {[%emt 0:02:55]} 29. Nxd6 {[%emt 0:02:55]} Kxd6 {[%emt 0:00:13]} 30. Rd1+ {[%emt 0:01:09]} Ke6 {[%emt 0:01:25]} 31. Rd5 {[%emt 0:04:21]} b6 {[%emt 0:00:19]} 32. Kd4 {[%emt 0:00:36]} Rf8 {[%emt 0:03:08]} 33. Kc3 {[%emt 0:01:47]} Rf6 {[%emt 0:05:34]} 34. h4 {[%emt 0:04:00]} Rh6 {[%emt 0:02:19]} 35. h5 {[%emt 0:00:49]} g6 {[%emt 0:00:28]} 36. hxg6 {[%emt 0:00:23]} hxg6 {[%emt 0:00:11]} 37. Rd8 {[%emt 0:02:19]} Rh4 {[%emt 0:02:23]} 38. Bd5+ {[%emt 0:01:46]} Ke7 {[%emt 0:00:23]} 39. Rg8 {[%emt 0:01:51]} Rxf4 {[%emt 0:02:04]} 40. Rxg6 {[%emt 0:00:29]} Rg4 {[%emt 0:05:46]} 41. Rh6 {[%emt 0:57:03]} Rg3+ {[%emt 0:51:35]} 42. Bf3 {[%emt 0:00:00]} Ne6 {[%emt 0:00:00]} 43. Rh7+ {[%emt 0:00:00]} Rg7 {[%emt 0:00:00]} 44. Rh6 {[%emt 0:00:00]} Rg3 {[%emt 0:00:00]} 45. Kd2 {[%emt 0:00:00]} f4 {[%emt 0:00:00]} 46. Rh7+ {[%emt 0:00:00]} Rg7 {[%emt 0:00:00]} 47. Rxg7+ {[%emt 0:00:00]} Nxg7 {[%emt 0:00:00]} 48. Kd3 {[%emt 0:00:00]} Nf5 {[%emt 0:00:00]} 49. Ke4 {[%emt 0:00:00]} Ne3 {[%emt 0:00:00]} 50. Kxf4 {[%emt 0:00:00]} Nxc4 {[%emt 0:00:00]} 51. Bd5 {[%emt 0:00:00]} Na3 {[%emt 0:00:00]} 52. e4 {[%emt 0:00:00]} a5 {[%emt 0:00:00]} 53. e5 {[%emt 0:00:00]} b5 {[%emt 0:00:00]} 54. Ke4 {[%emt 0:00:00]} b4 {[%emt 0:00:00]} 55. Bb3 {[%emt 0:00:00]} Nb5 {[%emt 0:00:00]} 56. Kd3 {[%emt 0:00:00]} Nc7 {[%emt 0:00:00]} 57. Kd4 {[%emt 0:00:00]} Nb5+ {[%emt 0:00:00]} 58. Kd3 {[%emt 0:00:00]} Nc7 {[%emt 0:00:00]} 59. Kc4 {[%emt 0:00:00]} Ke6 {[%emt 0:00:00]} 60. Kd4+ {[%emt 0:00:00]} Kf5 {[%emt 0:00:00]} 61. Ba4 {[%emt 0:00:00]} Ke6 {[%emt 0:00:00]} 62. Bb3+ {[%emt 0:00:00]} Kf5 {[%emt 0:00:00]} 63. Ba4 {[%emt 0:00:00]} Ke6 {[%emt 0:00:00]} 64. Bc6 {[%emt 0:00:00]} Ke7 {[%emt 0:00:00]} 65. Kc5 {[%emt 0:00:00]} Ke6 {[%emt 0:00:00]} 66. Kb6 {[%emt 0:00:00]} Nd5+ {[%emt 0:00:00]} 67. Bxd5+ {[%emt 0:00:00]} Kxd5 {[%emt 0:00:00]} 68. Kxa5 {[%emt 0:00:00]} Kxe5 {[%emt 0:00:00]} 69. Kxb4 {[%emt 0:00:00]} Kd6 {[%emt 0:00:00]} 1/2-1/2

[Event "4NCL Div 1 2018-19"]
[Site "Telford"]
[Date "2019.02.09"]
[Round "5.4"]
[White "Hawkins, Jonathan"]
[Black "Parligras, Mircea-Emilian"]
[Result "1/2-1/2"]
[WhiteElo "2579"]
[BlackElo "2645"]
[Annotator "TA"]
[PlyCount "62"]
[EventDate "2018.11.10"]
[EventType "team-tourn"]
[EventCountry "GBR"]
[SourceTitle "playchess.com"]
[Source "ChessBase"]
[SourceQuality "1"]

{[%evp 20,62,14,9,12,3,20,0,0,-7,0,-10,19,19,15,18,27,26,13,18,14,12,14,0,11,11,14,0,0,0,0,0,0,0,0,0,0,0,0,0,0,0,0,0,0]} 1. d4 d5 2. c4 e6 3. Nc3 Bb4 4. Nf3 Nf6 5. Bg5 h6 6. Bxf6 Qxf6 7. e3 O-O 8. Rc1 dxc4 9. Bxc4 c5 10. O-O cxd4 11. Nxd4 Bd7 {D38: Queen's Gambit Declined: Ragozin Defence (4 Nf3 Bb4)} 12. Ne4 Qe7 13. a3 Ba5 $1 14. Qh5 Bb6 15. Rfd1 Rd8 16. Nd6 Be8 $1 ({Much weaker is} 16... Qxd6 $6 17. Nxe6 Qxe6 18. Bxe6 $18) 17. Nxe8 Rxe8 18. Qf3 Rd8 {[#]} 19. Qe4 $146 {The position is equal.} ({Predecessor:} 19. Bb5) 19... Bxd4 20. exd4 {[#] Black must now prevent d5.} Nc6 21. Bb5 Rab8 22. b4 a5 23. bxa5 {And now a6 would win.} Rd5 24. Bc4 Rxa5 25. d5 exd5 26. Bxd5 Qxe4 27. Bxe4 Rxa3 28. Rd7 Ra5 29. g3 Re8 30. Bxc6 bxc6 31. Rxc6 h5 {Precision: White = 62%, Black = 85%.} 1/2-1/2

[Event "4NCL Div 1 2018-19"]
[Site "Telford"]
[Date "2019.02.09"]
[Round "5.4"]
[White "Toma, Katarzyna"]
[Black "Edouard, Romain"]
[Result "0-1"]
[WhiteElo "2164"]
[BlackElo "2636"]
[Annotator "TA"]
[PlyCount "80"]
[EventDate "2018.11.10"]
[EventType "team-tourn"]
[EventCountry "GBR"]
[SourceTitle "playchess.com"]
[Source "ChessBase"]
[SourceQuality "1"]

{[%evp 11,80,-32,0,-15,-15,-17,-17,-21,19,16,29,32,37,39,43,0,0,0,-2,-12,0,-70,-62,-59,-35,-58,-70,-61,-33,-77,-73,-77,-52,-108,-96,-104,-83,-91,-59,-126,-143,-120,-116,-115,-129,-158,-109,-135,-119,-142,-127,-116,-22,-22,-16,-107,-51,-50,0,-47,-64,-168,29988,-9,0,-171,-157,-1038,-1028,-1016,29991]} 1. e4 c5 2. Nc3 d6 3. g3 g6 4. Bg2 Bg7 5. d3 Nc6 6. Nh3 h5 7. Ng5 {B25: Closed Sicilian: 3 g3, lines without early Be3} (7. O-O Nf6 8. Nd5 Nxd5 9. exd5 Ne5 10. Ng5 h4 11. f4 Ng4 12. Bf3 Nf6 13. g4 h3 14. Kh1 Qd7 {½-½ (26) Granda Zuniga,J (2672)-Demuth,A (2545) Escaldes 2016}) 7... h4 8. g4 $146 ({Predecessor:} 8. h3 hxg3 9. fxg3 Be5 10. Bf4 f6 11. Nf3 Be6 12. Qd2 Qa5 13. Bxe5 dxe5 14. Nd5 Qxd2+ 15. Kxd2 {1-0 (37) Koerner,H (1727)-Shapiro,Y (2003) Berlin 2010}) 8... e5 9. h3 {The position is equal.} Nd4 10. Nd5 Bh6 11. c3 Ne6 12. Nxe6 fxe6 13. Bxh6 Nxh6 14. Ne3 O-O 15. Qd2 Qf6 16. Rf1 (16. O-O $11) 16... g5 17. O-O-O Bd7 18. Kb1 Ba4 19. b3 Bb5 20. f3 a5 21. Rf2 a4 22. d4 (22. b4 $15) 22... axb3 23. axb3 exd4 24. cxd4 Ra6 25. Qb2 ({White should play} 25. Nc2 $15) 25... Rfa8 26. Nc2 c4 {Hoping for ...cxb3.} 27. Bf1 d5 28. f4 Qd8 {And now ...cxb3 would win.} ({Not} 28... gxf4 29. g5 $1 $11 {[%mdl 512]}) 29. fxg5 Nf7 30. exd5 exd5 {Threatens to win with ...cxb3.} 31. bxc4 Bxc4 (31... Ba4 $1 $17 {[%cal Ra4c2]} 32. c5 Bxc2+ 33. Rxc2 Ra1+ {[%mdl 64] Decoy} 34. Qxa1 Rxa1+ 35. Kxa1 Qa5+ 36. Kb1 Nxg5) 32. Bxc4 $11 dxc4 33. Rf6 (33. Re1 $1 $11 {remains equal.}) 33... Rxf6 ({Black should try} 33... Nxg5 $17 34. Rxa6 Rxa6) 34. gxf6 $15 Qxf6 35. d5 Qf3 36. Qd4 (36. Kc1 $15) 36... Qf6 $4 {[%mdl 8192]} (36... Re8 $19 37. Kc1 Ne5) 37. Qb2 $2 (37. Qxf6 {mates} b6 38. d6 c3 39. Qg6+ Kf8 40. Rf1 Ra7 41. Rf5 b5 42. Qh7) 37... Qf3 $2 (37... Qd6 $11) 38. Qd4 $1 $19 {[#]} Re8 $1 {[%cal Re8e4] aiming for ...Re4.} 39. d6 $2 {[#]} (39. Kc1 $17 Ne5 40. Kb1) 39... Re4 $1 40. Qd5 Re5 $4 {[%mdl 40960] Accuracy: White = 38%, Black = 50%. . Loss on time!?} (40... Qb3+ $19 41. Kc1 Re2) 0-1